| 000 | 00514nam a22001577a 4500 | ||
|---|---|---|---|
| 008 | 230329b |||||||| |||| 00| 0 eng d | ||
| 020 | _a81-265-0687-3 | ||
| 040 |
_aNational Science Library _cNational Science Library |
||
| 080 | _aD 681.324ADO.net | ||
| 100 |
_aMcclure, Wallace B _95661 |
||
| 245 | _aProfessional ADO. NET 2 programming with SQL server 2005, oracle and mysql | ||
| 300 | _axxiv, 614p. | ||
| 650 | _aProfessional programming | ||
| 653 | _aStandardized database objects | ||
| 942 |
_2udc _cBK |
||
| 999 |
_c16215 _d16215 |
||